000 00529nam a2200217Ia 4500
003 OSt
005 20221005130259.0
006 a|||||r|||| 00| 0
007 ta
008 221004b |||||||| |||| 00| 0 eng d
024 _a119883
037 _cTextual
040 _aCRL
_cCRL
_beng
041 _2eng
_aeng
100 _aYagik Bhawani Shankar
_9637869
245 0 _aRaskhan Ratnavali
260 _c1953
650 _aHINDI LITERATURE
_923866
942 _cTEXL
_2cc
999 _c1056697
_d1056697